| 000 | 00000nam##2200000za#4500 |
| 001 | 9.625077 |
| 003 | CaOODSP |
| 005 | 20200327182227 |
| 007 | ta |
| 008 | 150406|1999||||xxc||||| f|0| 0 fre|d |
| 040 | |aCaOODSP|bfre |
| 043 | |an-cn--- |
| 086 | 1 |aFs97-6/2269F |
| 110 | 1 |aCanada. |bMinistère des pêches et des océans. |
| 245 | 10|aIndices de croissance de la mactre de Stimpson (mactromeris polynyma) / |cpar J. Lambert et P. Goudreau. |
| 260 | |aOttawa - Ontario : |bPêches et Océans Canada |c1999. |
| 300 | |avii, 39p. : |bfigures, graphiques, références, tableaux ; |c28 cm. |
| 490 | 1 |aRapport technique canadien des sciences halieutiques et aquatiques|v2269 |
| 500 | |a«Des indices de la croissance individuelle de la mactre de Stimpson (Mactrometris polynyma) sur la Moyenne Côte-Nord du golfe du Saint-Laurent ont été obtenus à partir de trois méthodes: l'examen des anneaux de croissance sur la coquille ou le chondrophore, le suivi de la croissance de mactres élevées en bassin et le suivi de la croissance en milieu naturel."--Page vii. Préparé par la Direction Régionale des Sciences, Ministère des Pêches et des Océans, Institut Maurice-Lamontagne, C.P. 1000, 850, route de la Mer, Mont-Joli (Québec) G5H 3Z4. |
| 520 | 3 |aDes indices de la croissance individuelle de la mactre de Stimpson (Mactrometris polynyma) sur la Moyenne Côte-Nord du golfe du Saint-Laurent ont été obtenus à partir de trois méthodes: l'examen des anneaux de croissance sur la coquille ou le chondrophore, le suivi de la croissance de mactres élevées en bassin et le suivi de la croissance en milieu naturel.--Page vii |
| 546 | |aAbstracts in English |
| 590 | |a99-23|b1999-06-11 |
| 691 | 07|aPoisson|2gcpds |
| 691 | 07|aDiversité biologique|2gcpds |
| 720 | 1 |aLambert, J. |
| 720 | 1 |aGoudreau, P. |
| 776 | 0#|tIndices de croissance de la mactre de Stimpson (Mactromeris polynyma) / |w(CaOODSP)9.604035 |
| 830 | #0|aRapport technique canadien des sciences halieutiques et aquatiques ;|v2269|w(CaOODSP)9.513051 |